000 00552nam a22001817a 4500
999 _c195011
_d195011
005 20230208112327.0
010 _aENG-136157
020 _a9789386050106
_c499.00
035 _aEN-119689
037 _bDBAD/PUB
082 _a500
100 _aCunningham, Darryl
245 _aScience Tales:
_bLies, Hoaxes and Scams/
_cDarryl Cunningham
260 _aNew Delhi
_bSpeaking Tiger Publishing Pvt Ltd
_c2013
270 _a4381/4 Ansari Road, Daryaganj
_bNew Delhi
_e110002
300 _a201p.
_c22cm(pbk)
942 _2ddc
_cEN
_mCUN
_h500